00271nam a2200109Ia 4500008004100000082001500041100001900056245003600075260003400111300000800145650000800153191201s2010 xx 000 0 und d a659.1bKEC aKELLEY,Larry D 0aCases in Advertising Management aN. DelhibSegment booksc2010 a120 aMBA